Contaminación atmosférica de Santiago: estado actual y soluciones

Uloženo v:
Podrobná bibliografie
Hlavní autoři: Sandoval Leiva, Hugo (Autor), Prendez Bolívar, Margarita (Autor), Ulriksen Ugarte, Pablo (Autor)
Médium: Kniha
Jazyk:španělština
Vydáno: Santiago s.n 1993
Témata:
Tagy: Přidat tag
Žádné tagy, Buďte první, kdo vytvoří štítek k tomuto záznamu!

MARC

LEADER 00000nam a2200000 a 4500
001 UCX8211
003 CL-VaPUC
008 940314e19930000CL |||||||||||||||||spa|d
082 0 4 |a 628.53  |b SAN  |2 21 
100 0 |a Sandoval Leiva, Hugo  |e author  |9 325277 
700 0 |a Prendez Bolívar, Margarita  |e author  |9 325278 
700 0 |a Ulriksen Ugarte, Pablo  |e author  |9 325279 
245 1 0 |a Contaminación atmosférica de Santiago: estado actual y soluciones 
300 |a 429 p 
942 |c BK 
945 |d 19940314 00:00:00  |a mfernand 
260 |a Santiago  |b s.n  |c 1993 
650 0 |a Contaminación atmosférica  |9 262775 
651 7 |a CHILE  |2 CL-VaPUC  |9 325280 
583 |a last modification  |c 20120712 12:01:15  |k Rodrigo Vera 
999 |c 227788  |d 227786 
952 |0 0  |1 0  |4 0  |6 628_530000000000000_SAN_1993  |7 0  |8 A  |9 227019  |a BIBING  |b BIBING  |d 2019-11-15  |i 3030210  |o 628.53 SAN 1993  |p 3030210  |r 2025-01-20  |w 2019-11-15  |y BK  |k GEO